| 000 | 00697nam a2200229 i 4500 | ||
|---|---|---|---|
| 001 | 000047851 | ||
| 003 | DO-SdBNP | ||
| 005 | 20231206133101.0 | ||
| 006 | a||||gr|||| 00| 0 | ||
| 007 | ta | ||
| 008 | 180830b200? dr 000 spa d | ||
| 040 |
_aDO-SdBNP _bspa _cBNPHU _erda |
||
| 082 | 4 |
_bE24L _222 |
|
| 245 | 0 | 0 |
_aEducación en la libertad y para la libertad: _banálisi de una experiencia educativa. / |
| 264 |
_aSanto Domingo : _bColegio Dominicano de la Salle, _c[200?]. |
||
| 300 |
_a82 páginas ; _c21 cm. |
||
| 336 |
_2rdacontent _atexto _btxt |
||
| 337 |
_2rdamedia _asin mediación _bn |
||
| 338 |
_2rdacarrier _avolumen _bnc |
||
| 590 | _aInventariado,2023 / MF | ||
| 942 |
_2ddc _cLBS1 |
||
| 999 |
_c47339 _d47339 |
||